Física (Registro nro. 7166)

Detalles MARC
000 -CABECERA
Longitud fija campo de control 01196nam a2200313Ia 4500
005 - • FECHA Y HORA DE LA ÚLTIMA TRANSACCIÓN
Fecha y hora de la última transacción 20220317001509.0
008 - • CÓDIGOS DE INFORMACIÓN DE LONGITUD FIJA
Códigos de información de longitud fija 161108s2015 mx ao g 000 0 s
020 ## - • NÚMERO INTERNACIONAL NORMALIZADO PARA LIBROS
Número Internacional Normalizado para Libros (ISBN) 9786075191997
082 04 - • NÚMERO DE LA CLASIFICACIÓN DECIMAL DEWEY
Número de clasificación (R) 530
Número del ítem S27f5
040 ## - FUENTE DE LA CATALOGACIÓN
Centro catalogador de origen CO-BoRNBP
Lengua de catalogación spa
Normas de descripción rda
Centro transcriptor CO-BoRNBP
100 1# - • PUNTO DE ACCESO PRINCIPAL-NOMBRE DE PERSONA
Nombre de persona Serway, Raymond A.
245 10 - • TITULO PROPIAMENTE DICHO
Título Física
Resto del título para ciencias e ingeniería, 2
Mención de responsabilidad, etc. Raymond A. Serway, John W. Jewett ; traducción María del Carmen Rodríguez Pedroza ; revisión técnica Ernesto Filio López
250 ## - • MENCIÓN DE EDICIÓN
Mención de edición 9a. edición
264 ## - PRODUCCIÓN, PUBLICACIÓN , DISTRIBUCIÓN, FABRICACIÓN Y COPYRIGHT
Lugar de producción, publicación, distribución, fabricación México
Nombre del productor, editor, distribuidor, fabricante Cengage Learning
Fecha de de producción, publicación, distribución, fabricación o copyright 2015
300 ## - • DESCRIPCIÓN FÍSICA
Extensión 689-1484 páginas
Dimensiones ilustraciones, fotografías en color y blanco y negro
-- 27 cm
336 ## - TIPO DE CONTENIDO
Término de tipo de contenido texto
Código de tipo de contenido txt
Fuente rdacontent
337 ## - TIPO DE MEDIO
Nombre del tipo de medio sin mediación
Código del tipo de medio n
Fuente rdamedia
338 ## - TIPO DE SOPORTE
Nombre del tipo de soporte volumen
Código del tipo de soporte nc
Fuente rdacarrier
505 ## - • NOTA DE CONTENIDO CON FORMATO
Nota de contenido con formato Electricidad y magnetismo -- Luz y óptica -- Física moderna
534 ## - • Nota De Versión Original
Título physics for scientists and engineers
650 14 - • PUNTO DE ACCESO ADICIONAL DE MATERIA - TÉRMINO DE MATERIA
Fuente del encabezamiento o término LEMB
Término de materia o nombre geográfico como elemento inicial Física
650 14 - • PUNTO DE ACCESO ADICIONAL DE MATERIA - TÉRMINO DE MATERIA
Fuente del encabezamiento o término LEMB
Término de materia o nombre geográfico como elemento inicial Óptica
Subdivisión de forma Enseñanza
650 14 - • PUNTO DE ACCESO ADICIONAL DE MATERIA - TÉRMINO DE MATERIA
Fuente del encabezamiento o término LEMB
Término de materia o nombre geográfico como elemento inicial Física
Subdivisión de forma Enseñanaza
650 14 - • PUNTO DE ACCESO ADICIONAL DE MATERIA - TÉRMINO DE MATERIA
Fuente del encabezamiento o término LEMB
Término de materia o nombre geográfico como elemento inicial Electricidad
650 14 - • PUNTO DE ACCESO ADICIONAL DE MATERIA - TÉRMINO DE MATERIA
Fuente del encabezamiento o término LEMB
Término de materia o nombre geográfico como elemento inicial Luz
700 1# - • PUNTO DE ACCESO ADICIONAL - NOMBRE DE PERSONA
Nombre de persona Jewett, John W.
700 1# - • PUNTO DE ACCESO ADICIONAL - NOMBRE DE PERSONA
Nombre de persona Rodríguez Pedroza, María del Carmen
Término indicativo de función traductora
942 ## - ENTRADA DE ELEMENTOS AGREGADOS (KOHA)
Fuente de clasificaión o esquema Dewey Decimal Classification
Koha [por defecto] tipo de item LIbro
Existencias
Perdido Fuente de clasificación o esquema Estado Físico No para préstamo Forma de adquisición Localización permanente Localización actual Localización en estanterías Fecha adquisición Préstamos totales Signatura completa Código de barras Fecha última consulta Número de copia Fecha del precio de reemplazo Tipo de item de Koha
  Dewey Decimal Classification     Colección General Biblioteca Pública Medellin del Ariari - El Castillo Biblioteca Pública Medellin del Ariari - El Castillo General 11/10/2024   530 S27F3 BM0001367 11/10/2024 Ej.1 11/10/2024 LIbro









Instituto Departamental de Cultura del Meta - Red Departamental de Bibliotecas Públicas del Meta.